000 00398nam a2200145Ia 4500
008 230917s9999||||xx |||||||||||||| ||und||
040 _e111011
_aMAIN
041 _aEnglish
082 _a547.2 C237M
100 _aCarruthers, William
245 0 _aModern methods of organic synthesis
260 _aCambridge (New York)
_bCambridge University Press
_c2005
300 _axii p. ; 493
942 _cBK
999 _c135506
_d135506